[Event "GER-ch Schools U18 Girls"]
[Site "Germany"]
[Date "2010.05.07"]
[Round "2.3"]
[White "Liez, Tatjana"]
[Black "Aurnhammer, Bianca"]
[Result "1-0"]
[WhiteElo "1190"]
[BlackElo "1038"]
[PlyCount "135"]
[EventDate "2010.05.07"]
[EventType "team-swiss"]
[EventRounds "7"]
[EventCountry "GER"]
[SourceTitle "EXT 2011"]
[Source "ChessBase"]
[SourceDate "2010.11.26"]
[SourceVersion "1"]
[SourceVersionDate "2010.11.26"]
[SourceQuality "1"]
[WhiteTeam "Limburg Mariens (W)"]
[BlackTeam "Donauwoerth Gymn (W)"]
[WhiteTeamCountry "GER"]
[BlackTeamCountry "GER"]

1. e4 d5 2. exd5 Qxd5 3. Nc3 Qa5 4. Nf3 Bf5 5. d3 c6 6. Bf4 e6 7. a3 Nd7 8. Be2 h6 9. Nd4 Ne7 10. Nb3 Qd8 11. h3 g5 12. Bh2 e5 13. g4 Be6 14. Nd2 Ng6 15. Bg3 Qf6 16. Nde4 Qg7 17. Qd2 0-0-0 18. 0-0-0 Nc5 19. f3 f5 20. gxf5 Bxf5 21. Qe3 Qe7 22. Bf2 b6 23. Qd2 Nf4 24. h4 Nxe2+ 25. Qxe2 Nxe4 26. fxe4 Bh7 27. Na2 c5 28. Nc3 Qf7 29. Rdf1 Qg6 30. Bg3 gxh4 31. Bxe5 Qg5+ 32. Bf4 Qg7 33. Qh2 Be7 34. Rhg1 Qd4 35. Qh3+ Qd7 36. Qxd7+ Rxd7 37. Nd5 Bg8 38. Nxe7+ Rxe7 39. Rh1 Be6 40. Rxh4 Kd7 41. Rxh6 Rf8 42. Rhh1 Ref7 43. Rh4 Kc6 44. Rh6 Kd7 45. Rh4 Kc6 46. c4 a5 47. a4 Rf6 48. Kd2 R6f7 49. Ke3 Rf6 50. b3 R6f7 51. Rh6 Kd7 52. Rf2 Ke7 53. Rhh2 Rg7 54. Bc7 Rxf2 55. Rxf2 Rh7 56. Bxb6 Rh3+ 57. Kd2 Kd6 58. Bxa5 Rh8 59. Bc3 Rb8 60. Kc2 Kc6 61. Rf6 Kd6 62. e5+ Ke7 63. Kb2 Rb6 64. a5 Rb8 65. Ka3 Ra8 66. Ka4 Ra6 67. Kb5 Ra8 68. b4 1-0